[Event "GRENKE Chess Open 2018"]
[Site "Karlsruhe GER"]
[Date "2018.04.01"]
[Round "6.44"]
[White "Savina, Anastasia"]
[Black "Kunin, Vitaly"]
[Result "1-0"]
[WhiteTitle "IM"]
[BlackTitle "GM"]
[WhiteElo "2345"]
[BlackElo "2575"]
[WhiteFideId "4196872"]
[BlackFideId "4128737"]
[EventDate "2018.03.29"]

1. d4 e6 2. c4 Bb4+ 3. Nc3 f5 4. g3 Nf6 5. Bd2 O-O 6. Bg2 Nc6 7. Nf3 Ne4 8. d5
Bxc3 9. Bxc3 Nxc3 10. bxc3 Na5 11. Qa4 c5 12. dxe6 dxe6 13. Ne5 Qc7 14. f4 Rd8
15. Rd1 Rxd1+ 16. Qxd1 Rb8 17. O-O b6 18. Rf3 Ba6 19. Rd3 Rf8 20. Rd7 Qb8 21.
Bd5 Qe8 22. Rxa7 Bc8 23. Bf3 h6 24. Qd6 Qd8 25. Qxd8 Rxd8 26. Kf2 Kh7 27. Bh5
Bb7 28. Bg6+ Kg8 29. Bf7+ Kf8 30. Bxe6 Rd1 31. Bd5 Bxd5 32. cxd5 Rxd5 33. Nd7+
Ke8 34. Nxb6 Nc6 35. Nxd5 Nxa7 36. Ke3 Kd7 37. Kd3 Kd6 38. Ne3 g6 39. Nc4+ Kd5
40. Ne5 g5 41. c4+ Ke6 42. a4 h5 43. h4 gxf4 44. gxf4 Nc8 45. a5 Kd6 46. e4 Ne7
47. Ke3 Kc7 48. Nd3 Kc6 49. Kf3 Kd6 50. a6 Kc6 51. Nxc5 Kb6 52. Ke3 fxe4 53.
Kxe4 Ng6 54. f5 Nxh4 55. f6 Ng6 56. Kf5 Nf8 57. f7 h4 58. Kg4 Ng6 59. Kh3 Ka7
60. Nd7 Kxa6 61. Ne5 Nf8 62. Kxh4 Kb6 63. Kg5 Kc5 64. Kf6 Kd6 65. Nd3 Kd7 66.
Kg7 Ke7 67. Kg8 Nd7 68. Ne5 Nf6+ 69. Kg7 Nh5+ 70. Kg6 Nf4+ 71. Kh7 Ne6 72. Kg8
Kd6 73. Nd3 Kd7 74. Nc5+ Nxc5 75. f8=Q Kc6 76. Qf5 Nd7 77. Qd5+ Kc7 78. Kf7 Nb6
79. Qc5+ Kb7 80. Ke7 Nc8+ 81. Kd8 Nb6 82. Qb5 Ka8 83. Qa6+ Kb8 84. Qxb6+ Ka8 85.
Qa6+ Kb8 86. Qb5+ Ka8 87. Kc7 Ka7 88. Qb7# 1-0

[Event "GRENKE Chess Open 2018"]
[Site "Karlsruhe GER"]
[Date "2018.04.01"]
[Round "6.45"]
[White "Reuker, Jari"]
[Black "Schneider, Ilja"]
[Result "0-1"]
[BlackTitle "IM"]
[WhiteElo "2343"]
[BlackElo "2513"]
[WhiteFideId "12909300"]
[BlackFideId "4663306"]
[EventDate "2018.03.29"]

1. d4 d5 2. c4 c6 3. Nc3 Nf6 4. Nf3 a6 5. c5 Nbd7 6. Bf4 Nh5 7. e3 g6 8. Bd3 f6
9. h4 e5 10. dxe5 Nxc5 11. exf6 Nxf4 12. f7+ Kxf7 13. exf4 Bg7 14. Ng5+ Kg8 15.
Bc2 h6 16. Nf3 Bg4 17. Qd2 d4 18. O-O-O Qf8 19. Ne4 d3 20. Bxd3 Nxd3+ 21. Qxd3
Qxf4+ 22. Kb1 Kh7 23. h5 Rhf8 24. hxg6+ Kh8 25. Nd6 Rad8 26. Nf7+ Kg8 27. Qb3
Qe4+ 28. Ka1 Rxd1+ 29. Rxd1 Be6 30. Qxb7 Qxg6 31. N7e5 Qc2 32. Re1 Rd8 33. Rb1
Bxa2 0-1

[Event "GRENKE Chess Open 2018"]
[Site "Karlsruhe GER"]
[Date "2018.04.01"]
[Round "7.1"]
[White "Lagarde, Maxime"]
[Black "Korobov, Anton"]
[Result "1/2-1/2"]
[WhiteTitle "GM"]
[BlackTitle "GM"]
[WhiteElo "2587"]
[BlackElo "2664"]
[WhiteFideId "662399"]
[BlackFideId "14105730"]
[EventDate "2018.03.29"]

1. e4 c5 2. Nf3 d6 3. d4 cxd4 4. Nxd4 Nf6 5. Nc3 a6 6. h4 Nc6 7. Bg5 e6 8. Qd3
h6 9. Nxc6 bxc6 10. Bd2 Rb8 11. b3 d5 12. Qg3 Rb4 13. e5 Nd7 14. Bd3 Nc5 15. f4
Nxd3+ 16. cxd3 h5 17. Rc1 c5 18. Na4 Rb5 19. Nc3 Rb7 20. Na4 Rb5 21. Nc3 Rb7 22.
d4 g6 23. Na4 cxd4 24. Qd3 Be7 25. g3 O-O 26. Qxd4 Bd7 27. Nc5 Rc7 28. b4 Bb5
29. Kf2 Qc8 30. Be3 a5 31. a3 axb4 32. axb4 Bc4 33. g4 Ra7 34. gxh5 Ra2+ 35. Kg1
gxh5 36. Rh2 Qa8 37. Rcc2 Ra1+ 38. Bc1 Kh7 39. Qd1 Rg8+ 40. Rhg2 Rg4 41. Rxg4
hxg4 42. Qxg4 Qg8 43. Qxg8+ Kxg8 1/2-1/2

[Event "GRENKE Chess Open 2018"]
[Site "Karlsruhe GER"]
[Date "2018.04.01"]
[Round "7.2"]
[White "Rapport, Richard"]
[Black "Kollars, Dmitrij"]
[Result "1-0"]
[WhiteTitle "GM"]
[BlackTitle "GM"]
[WhiteElo "2715"]
[BlackElo "2534"]
[WhiteFideId "738590"]
[BlackFideId "12909572"]
[EventDate "2018.03.29"]

1. e4 e5 2. Nf3 Nc6 3. Bb5 a6 4. Ba4 Nf6 5. Nc3 b5 6. Bb3 Be7 7. d3 d6 8. a3 Na5
9. Ba2 c5 10. b4 Nc6 11. Nd5 O-O 12. Be3 cxb4 13. axb4 Bb7 14. O-O Nxd5 15. Bxd5
Qd7 16. Qb1 Bf6 17. Nd2 Ne7 18. Bxb7 Qxb7 19. Ra3 d5 20. Bc5 Rfc8 21. Qa2 a5 22.
Ra1 a4 23. c4 dxc4 24. dxc4 Rd8 25. cxb5 Qxb5 26. Rxa4 Rxa4 27. Qxa4 Qe2 28. Be3
h6 29. Nf1 Bg5 30. Bxg5 hxg5 31. Qa5 Nc6 32. Qc7 Qc4 33. b5 Qxb5 34. Rc1 1-0

[Event "GRENKE Chess Open 2018"]
[Site "Karlsruhe GER"]
[Date "2018.04.01"]
[Round "7.4"]
[White "Andreikin, Dmitry"]
[Black "Burmakin, Vladimir"]
[Result "1/2-1/2"]
[WhiteTitle "GM"]
[BlackTitle "GM"]
[WhiteElo "2712"]
[BlackElo "2522"]
[WhiteFideId "4158814"]
[BlackFideId "4105109"]
[EventDate "2018.03.29"]

1. e4 d5 2. exd5 Qxd5 3. Nc3 Qd6 4. d4 Nf6 5. Nf3 c6 6. Be3 Nbd7 7. Qd2 Qb4 8.
Qc1 Nb6 9. a3 Qd6 10. Bf4 Qd8 11. Qd2 Bg4 12. Ne5 Bh5 13. f3 Nfd7 14. d5 Nxe5
15. Bxe5 f6 16. O-O-O Nxd5 17. Bg3 Bf7 18. Bc4 Qa5 19. Nxd5 Qxd2+ 20. Rxd2 Bxd5
21. Bxd5 cxd5 22. Rxd5 Rd8 23. Rhd1 Rxd5 24. Rxd5 e5 25. f4 exf4 26. Bxf4 a6 27.
Rd3 g5 28. Bc7 Be7 29. a4 Rf8 30. Rb3 Rf7 31. Rd3 f5 32. Kd1 f4 33. Rd5 g4 34.
Ke2 Bf6 35. Bxf4 Bxb2 36. g3 Re7+ 37. Kf1 Bf6 38. h3 gxh3 39. Rh5 Rg7 40. Rh6
Kf7 41. Rxh3 Kg8 1/2-1/2

[Event "GRENKE Chess Open 2018"]
[Site "Karlsruhe GER"]
[Date "2018.04.01"]
[Round "7.5"]
[White "Van Wely, Loek"]
[Black "Schlosser, Philipp"]
[Result "1/2-1/2"]
[WhiteTitle "GM"]
[BlackTitle "GM"]
[WhiteElo "2667"]
[BlackElo "2510"]
[WhiteFideId "1000268"]
[BlackFideId "4600169"]
[EventDate "2018.03.29"]

1. Nf3 c5 2. c4 Nc6 3. d4 cxd4 4. Nxd4 Nf6 5. Nc3 e6 6. a3 Be7 7. e4 O-O 8. Nf3
Qc7 9. Be2 b6 10. O-O Bb7 11. Bg5 Rac8 12. Rc1 Qb8 13. Re1 Rfd8 14. Bf1 Ng4 15.
Bxe7 Nxe7 16. h3 Nf6 17. Rc2 Ng6 18. Rd2 d6 19. Nd4 a6 20. a4 h6 21. g3 Qc7 22.
b3 d5 23. exd5 exd5 24. Nxd5 Nxd5 25. cxd5 Rxd5 26. Bg2 Rd7 1/2-1/2

[Event "GRENKE Chess Open 2018"]
[Site "Karlsruhe GER"]
[Date "2018.04.01"]
[Round "7.6"]
[White "Lampert, Jonas"]
[Black "Shirov, Alexei"]
[Result "0-1"]
[WhiteTitle "IM"]
[BlackTitle "GM"]
[WhiteElo "2532"]
[BlackElo "2651"]
[WhiteFideId "1303759"]
[BlackFideId "2209390"]
[EventDate "2018.03.29"]

1. e4 e5 2. Nf3 Nc6 3. Bb5 a6 4. Ba4 Nf6 5. O-O b5 6. Bb3 Bc5 7. Nc3 O-O 8. d3
d6 9. Nd5 h6 10. c3 Rb8 11. d4 Ba7 12. Be3 Nxe4 13. Re1 exd4 14. Nxd4 Bxd4 15.
Bxd4 Ng5 16. Qd3 Be6 17. Nf4 Nxd4 18. Qxd4 c5 19. Nxe6 Nxe6 20. Qe4 Ng5 21. Qd5
Nh7 22. Rad1 Rb6 23. Re3 Nf6 24. Qf5 Re8 25. Rde1 Rxe3 26. Rxe3 d5 27. h4 c4 28.
Bc2 Rd6 29. g4 g6 30. Qf3 d4 31. Re5 d3 32. Bd1 Nd7 33. Re3 Qxh4 34. Re8+ Kg7
35. Qa8 Qf6 36. Rh8 Qe5 37. Qg8+ Kf6 38. Rh7 Kg5 39. Rxf7 Rf6 40. Bf3 Qe6 0-1

[Event "GRENKE Chess Open 2018"]
[Site "Karlsruhe GER"]
[Date "2018.04.01"]
[Round "7.7"]
[White "Ider, Borya"]
[Black "Fridman, Daniel"]
[Result "1/2-1/2"]
[WhiteTitle "IM"]
[BlackTitle "GM"]
[WhiteElo "2505"]
[BlackElo "2637"]
[WhiteFideId "4901134"]
[BlackFideId "11600454"]
[EventDate "2018.03.29"]

1. d4 d5 2. Bf4 Nf6 3. e3 c5 4. c3 Nc6 5. Nd2 Bf5 6. Qb3 Qc8 7. Ngf3 c4 8. Qd1
b5 9. Be2 e6 10. Nh4 Be4 11. Nhf3 h6 12. Nxe4 Nxe4 13. Nd2 Nxd2 14. Qxd2 Be7 15.
e4 1/2-1/2

[Event "GRENKE Chess Open 2018"]
[Site "Karlsruhe GER"]
[Date "2018.04.01"]
[Round "7.8"]
[White "Gordievsky, Dmitry"]
[Black "Bellahcene, Bilel"]
[Result "1-0"]
[WhiteTitle "GM"]
[BlackTitle "IM"]
[WhiteElo "2630"]
[BlackElo "2488"]
[WhiteFideId "24112798"]
[BlackFideId "696358"]
[EventDate "2018.03.29"]

1. Nf3 d5 2. g3 Nc6 3. d4 Bg4 4. Bg2 Qd7 5. h3 Bxf3 6. exf3 Nf6 7. O-O e6 8. c3
Bd6 9. Qe2 O-O 10. f4 Ne7 11. Nd2 c5 12. dxc5 Bxc5 13. Nb3 Bb6 14. a4 Nf5 15. a5
Bc7 16. c4 Rac8 17. cxd5 Nxd5 18. Bd2 Bd8 19. Rfd1 Bf6 20. Bb4 Be7 21. Bxe7
Nfxe7 22. Nd4 Rfd8 23. Nf3 Qc7 24. Ng5 Nf6 25. Rxd8+ Rxd8 26. Qe3 Nc6 27. a6 Nd5
28. Qe4 h6 29. Qh7+ Kf8 30. Bxd5 Rxd5 31. Qh8+ Ke7 32. Nh7 Qd8 33. Qxg7 Rd1+ 34.
Rxd1 Qxd1+ 35. Kg2 Qd5+ 36. Kg1 Qd1+ 37. Kg2 Qd5+ 38. Kh2 Qf3 39. Qf8+ Kd7 40.
Nf6+ 1-0

[Event "GRENKE Chess Open 2018"]
[Site "Karlsruhe GER"]
[Date "2018.04.01"]
[Round "7.9"]
[White "Poetsch, Hagen"]
[Black "Banusz, Tamas"]
[Result "1-0"]
[WhiteTitle "IM"]
[BlackTitle "GM"]
[WhiteElo "2484"]
[BlackElo "2618"]
[WhiteFideId "24615137"]
[BlackFideId "722413"]
[EventDate "2018.03.29"]

1. e4 e5 2. Nf3 Nc6 3. Nc3 Nf6 4. Bb5 Bc5 5. Nxe5 Nxe5 6. d4 Bd6 7. f4 Nc6 8. e5
Bb4 9. exf6 Qxf6 10. Be3 d5 11. O-O Bxc3 12. bxc3 O-O 13. Qf3 Ne7 14. Bd3 Bf5
15. Rae1 Qd6 16. Bd2 Bxd3 17. Qxd3 f5 18. Re5 c6 19. Rfe1 Rf7 20. c4 Ng6 21. Re6
Qd7 22. cxd5 cxd5 23. Qa3 Rff8 24. Qb3 Rf6 25. Rxf6 gxf6 26. c4 dxc4 27. Qxc4+
Qf7 28. Qb5 Qxa2 29. Qxb7 Rd8 30. Qc7 Rf8 31. Be3 Re8 32. Qc6 Re6 33. Qa8+ Kg7
34. d5 Re4 35. g3 Ne7 36. Qb7 Kg6 37. d6 Nd5 38. Bf2 Rxe1+ 39. Bxe1 Ne3 40. Qf3
Nc2 41. Qe2 1-0

[Event "GRENKE Chess Open 2018"]
[Site "Karlsruhe GER"]
[Date "2018.04.01"]
[Round "7.10"]
[White "Kozul, Zdenko"]
[Black "Pavlovic, Milos"]
[Result "1/2-1/2"]
[WhiteTitle "GM"]
[BlackTitle "GM"]
[WhiteElo "2617"]
[BlackElo "2466"]
[WhiteFideId "14502879"]
[BlackFideId "900389"]
[EventDate "2018.03.29"]

1. d4 Nf6 2. c4 e6 3. g3 d5 4. Bg2 Be7 5. Nf3 O-O 6. O-O dxc4 7. Qc2 a6 8. a4
Bd7 9. Qxc4 Bc6 10. Bg5 Bd5 11. Qc2 Be4 12. Qd1 c5 13. dxc5 Bxc5 14. Qxd8 Rxd8
15. Nbd2 Bc6 16. Nb3 Be7 17. Na5 h6 18. Bf4 Nd5 19. Bxb8 Raxb8 20. Nxc6 bxc6 21.
Ne5 Rdc8 22. Rfc1 c5 23. e4 Nb4 24. Bf1 Bf6 25. Nc4 Nc6 26. a5 Rc7 27. Ra4 Bd4
28. Kg2 g5 29. Rc2 Rb3 30. Be2 Rcb7 31. Rd2 Kg7 32. e5 Rb8 33. Ra2 Nb4 34. Ra1
Nc6 35. Ra4 Nb4 36. Kf1 Nd5 37. Ra1 Kg6 38. Ke1 1/2-1/2

[Event "GRENKE Chess Open 2018"]
[Site "Karlsruhe GER"]
[Date "2018.04.01"]
[Round "7.11"]
[White "Landa, Konstantin"]
[Black "Nitin, S."]
[Result "1/2-1/2"]
[WhiteTitle "GM"]
[BlackTitle "IM"]
[WhiteElo "2613"]
[BlackElo "2414"]
[WhiteFideId "4101685"]
[BlackFideId "5018277"]
[EventDate "2018.03.29"]

1. Nf3 Nf6 2. g3 g6 3. Bg2 Bg7 4. d4 O-O 5. O-O d6 6. b3 a5 7. Nc3 Nc6 8. Bb2 e5
9. dxe5 dxe5 10. Nb5 Bd7 11. a4 Re8 12. Nd2 Bf5 13. Nc4 Qc8 14. Re1 Be4 15. Qc1
Bxg2 16. Kxg2 b6 17. e4 Qb7 18. f3 Nd7 1/2-1/2

[Event "GRENKE Chess Open 2018"]
[Site "Karlsruhe GER"]
[Date "2018.04.01"]
[Round "7.12"]
[White "Papp, Gabor1"]
[Black "Burri, Quentin"]
[Result "1-0"]
[WhiteTitle "GM"]
[BlackTitle "FM"]
[WhiteElo "2604"]
[BlackElo "2410"]
[WhiteFideId "718602"]
[BlackFideId "26028654"]
[EventDate "2018.03.29"]

1. e4 c5 2. Nf3 d6 3. d4 cxd4 4. Nxd4 Nf6 5. Nc3 a6 6. Bg5 e6 7. f4 h6 8. Bh4
Qb6 9. Qd2 Qxb2 10. Rb1 Qa3 11. e5 dxe5 12. fxe5 Nfd7 13. Ne4 Qxa2 14. Rd1 Qd5
15. Qe3 Qxe5 16. Be2 Bc5 17. Bg3 Bxd4 18. Rxd4 Qa5+ 19. Rd2 O-O 20. Bd6 f5 21.
Bxf8 Nxf8 22. Nd6 Nbd7 23. g4 Qe5 24. Qxe5 Nxe5 25. Rf1 g6 26. h4 Kg7 27. h5 Kf6
28. hxg6 Nfxg6 29. gxf5 exf5 30. Ne8+ Ke7 31. Nc7 Rb8 32. Bh5 Bd7 33. Nd5+ Ke6
34. Kd1 Bc6 35. Nc7+ Ke7 36. Rxf5 Rd8 37. Rxd8 Kxd8 38. Ne6+ Ke7 39. Nd4 Bd7 40.
Rf1 Bg4+ 41. Bxg4 Nxg4 42. Ke2 Kd6 43. Rb1 Kd5 44. Rxb7 Kxd4 45. Rb4+ Kc3 46.
Rxg4 Ne5 47. Re4 Nc4 48. Kd1 a5 49. Kc1 a4 50. Rh4 a3 51. Rxh6 Kb4 52. Rh8 Kc3
53. Rh3+ Kb4 54. Kb1 Kc5 55. Ka2 Kb4 56. Rg3 Ka4 57. Rb3 Ka5 58. Rxa3+ 1-0

[Event "GRENKE Chess Open 2018"]
[Site "Karlsruhe GER"]
[Date "2018.04.01"]
[Round "7.13"]
[White "Hirneise, Tobias"]
[Black "Bindrich, Falko"]
[Result "0-1"]
[WhiteTitle "IM"]
[BlackTitle "GM"]
[WhiteElo "2463"]
[BlackElo "2602"]
[WhiteFideId "24600881"]
[BlackFideId "4676670"]
[EventDate "2018.03.29"]

1. d4 Nf6 2. c4 e6 3. Nc3 d5 4. cxd5 Nxd5 5. e4 Nxc3 6. bxc3 c5 7. Nf3 cxd4 8.
cxd4 Bb4+ 9. Bd2 Bxd2+ 10. Qxd2 O-O 11. Rc1 b6 12. Bd3 Bb7 13. O-O Nd7 14. Qf4
Rb8 15. e5 h6 16. Be4 b5 17. Bxb7 Rxb7 18. Qe4 Qa8 19. d5 Rbb8 20. Qd4 exd5 21.
Nh4 Rbe8 22. Nf5 Rxe5 23. Qg4 g6 24. Nxh6+ Kg7 25. Qxd7 Kxh6 26. f4 Qe8 27. Qh3+
Rh5 28. Qa3 d4 29. Rce1 Qd8 30. Qxa7 Rd5 31. Rd1 d3 32. f5 g5 33. f6 Kg6 34. Qe7
Rd4 35. Rd2 Qb6 36. Kh1 Rfd8 37. Qe5 Qe6 38. Qxb5 Rf4 39. Qb1 Rxf1+ 40. Qxf1 Qe3
41. Qd1 Re8 42. h3 Qg3 0-1

[Event "GRENKE Chess Open 2018"]
[Site "Karlsruhe GER"]
[Date "2018.04.01"]
[Round "7.15"]
[White "Buhmann, Rainer"]
[Black "Keymer, Vincent"]
[Result "0-1"]
[WhiteTitle "GM"]
[BlackTitle "IM"]
[WhiteElo "2588"]
[BlackElo "2403"]
[WhiteFideId "4651340"]
[BlackFideId "12940690"]
[EventDate "2018.03.29"]

1. Nf3 d5 2. d4 Nf6 3. c4 e6 4. g3 Bb4+ 5. Bd2 Be7 6. Bg2 O-O 7. O-O c6 8. Bf4
Nbd7 9. Qc2 b6 10. Nbd2 Ba6 11. e4 dxc4 12. Nxc4 Nxe4 13. Rfe1 Nef6 14. Nfe5
Nxe5 15. Nxe5 Rc8 16. Nxc6 Bb5 17. Nxe7+ Qxe7 18. Qd2 Qd7 19. Be5 Nd5 20. Bxg7
Kxg7 21. Bxd5 exd5 22. Qg5+ Kh8 23. Qf6+ Kg8 24. Re5 Bd3 25. h4 Rc6 26. Qg5+ Rg6
27. Rxd5 Qc6 28. Rc1 Rxg5 29. Rxg5+ Qg6 30. Rc7 a5 31. Rc6 b5 32. b3 Qxg5 33.
hxg5 Re8 34. Ra6 Re1+ 35. Kg2 Be4+ 36. f3 Re2+ 37. Kf1 Bd3 38. Kg1 Rxa2 0-1

[Event "GRENKE Chess Open 2018"]
[Site "Karlsruhe GER"]
[Date "2018.04.01"]
[Round "7.16"]
[White "Vrolijk, Liam"]
[Black "Sadzikowski, Daniel"]
[Result "1/2-1/2"]
[WhiteTitle "FM"]
[BlackTitle "GM"]
[WhiteElo "2433"]
[BlackElo "2583"]
[WhiteFideId "1048333"]
[BlackFideId "1132253"]
[EventDate "2018.03.29"]

1. d4 Nf6 2. c4 e6 3. Nf3 d5 4. Nc3 Bb4 5. Bg5 dxc4 6. e4 c5 7. Bxc4 h6 8. Bxf6
Qxf6 9. O-O cxd4 10. Nb5 Qe7 11. Qxd4 O-O 12. Nxa7 Bc5 13. Nxc8 Rxc8 14. Qd3 Nc6
15. Qe2 Nd4 16. Nxd4 Bxd4 17. Rad1 Qf6 18. Kh1 Bxb2 19. f4 Qc3 20. Bb3 Rd8 21.
f5 Rxd1 22. Qxd1 Qc6 23. fxe6 fxe6 24. Qe2 Be5 25. Qg4 Re8 26. Qh5 Rf8 27. Rxf8+ 1/2-1/2

[Event "GRENKE Chess Open 2018"]
[Site "Karlsruhe GER"]
[Date "2018.04.01"]
[Round "7.17"]
[White "Chernov, Vadim"]
[Black "Moussard, Jules"]
[Result "0-1"]
[WhiteTitle "IM"]
[BlackTitle "GM"]
[WhiteElo "2407"]
[BlackElo "2576"]
[WhiteFideId "1210629"]
[BlackFideId "642908"]
[EventDate "2018.03.29"]

1. e4 e5 2. Nf3 Nc6 3. Bb5 a6 4. Bxc6 dxc6 5. O-O f6 6. d4 exd4 7. Nxd4 c5 8.
Nb3 Qxd1 9. Rxd1 Bd6 10. Na5 Bg4 11. f3 Bc8 12. Nc4 Be7 13. Bf4 Be6 14. Ne3 Bd8
15. Nc3 Ne7 16. Rd2 O-O 17. g4 Nc6 18. Rad1 Re8 19. Kg2 Rc8 20. Ncd5 Nb4 21. a3
Nxd5 22. Nxd5 c6 23. Nc3 b5 24. Bd6 Bb6 25. Ne2 Red8 26. Bg3 Rxd2 27. Rxd2 Rd8
28. Rxd8+ Bxd8 29. Bd6 c4 30. Bc5 Bc7 31. h4 Kf7 32. Kf2 Bd7 33. h5 g6 34. hxg6+
hxg6 35. Ke3 Be5 36. c3 Bh2 37. Nd4 Bg1+ 38. Kd2 Bc8 39. Bd6 Bd7 40. Bc5 Kg8 41.
Bd6 Kg7 42. Bf4 Bf2 43. Bd6 Kf7 44. Ke2 Bh4 45. Ke3 Bg5+ 46. Bf4 Bh4 47. Ne2 f5
48. exf5 gxf5 49. gxf5 Bxf5 50. Nd4 Bd7 51. Bd6 Bd8 52. Ke4 Bf6 53. f4 Kg6 54.
f5+ Kg5 55. Bf4+ Kg4 56. Ne6 c5 57. Nxc5 Bxf5+ 58. Ke3 Bd8 59. Bh6 Kh5 60. Bf4
Bb6 61. Kd4 Kg4 62. Bd6 Kf3 63. Kd5 Bc8 64. Kc6 Bd8 65. b3 cxb3 66. Nxb3 Ke3 67.
Be5 Kd3 68. Nc5+ Kc4 69. a4 bxa4 70. Nxa4 Bh3 71. Nb6+ Kb3 72. c4 Bg2+ 73. Kc5
Bh4 74. Kd6 Bf2 75. c5 Kb4 76. Nd5+ Kc4 77. Nb6+ Kb5 78. Nd7 Bc6 79. Bc3 Bxd7
80. Kxd7 Bxc5 81. Ke6 Bb4 82. Bb2 Kc4 83. Kf5 Kd5 84. Kf4 a5 85. Ke3 Kc4 86. Ba1
Bc3 0-1

[Event "GRENKE Chess Open 2018"]
[Site "Karlsruhe GER"]
[Date "2018.04.01"]
[Round "7.18"]
[White "Heimann, Andreas"]
[Black "Sinz, Bernhard"]
[Result "1/2-1/2"]
[WhiteTitle "GM"]
[BlackTitle "FM"]
[WhiteElo "2574"]
[BlackElo "2386"]
[WhiteFideId "24624632"]
[BlackFideId "4618807"]
[EventDate "2018.03.29"]

1. e4 e5 2. Nf3 Nc6 3. Bb5 a6 4. Ba4 Nf6 5. d3 b5 6. Bb3 Be7 7. a4 b4 8. O-O O-O
9. h3 d6 10. a5 Be6 11. Bxe6 fxe6 12. Be3 Qe8 13. c3 bxc3 14. bxc3 Nd8 15. Nbd2
Nh5 16. d4 exd4 17. cxd4 Nf4 18. Rc1 c6 19. g3 Ng6 20. Nc4 Rb8 21. Nb6 Nb7 22.
Nd2 Nxa5 23. Qa4 Rxb6 24. Qxa5 Qb8 25. Nc4 Rb3 26. Nd2 Rb6 27. d5 Rb5 28. Qxa6
cxd5 29. Rb1 Rxb1 30. Rxb1 Qe8 31. exd5 exd5 32. Qd3 Qf7 33. Rb5 Ne5 34. Qxd5
Qxd5 35. Rxd5 Nf3+ 36. Nxf3 Rxf3 37. Kg2 Rf8 1/2-1/2

[Event "GRENKE Chess Open 2018"]
[Site "Karlsruhe GER"]
[Date "2018.04.01"]
[Round "7.19"]
[White "Lavrinenkov, Vadim"]
[Black "Santos Latasa, Jaime"]
[Result "0-1"]
[BlackTitle "IM"]
[WhiteElo "2249"]
[BlackElo "2549"]
[WhiteFideId "12908452"]
[BlackFideId "2293307"]
[EventDate "2018.03.29"]

1. d4 Nf6 2. Nf3 d5 3. c4 e6 4. Bg5 h6 5. Bxf6 Qxf6 6. Nc3 c6 7. e3 g6 8. Rc1
Nd7 9. Be2 Bg7 10. O-O O-O 11. Qb3 Qe7 12. Qa3 Qxa3 13. bxa3 Nb6 14. Nd2 Rd8 15.
Rfd1 Bf8 16. Ncb1 Bd7 17. Bf3 Be8 18. g3 Rac8 19. c5 Nd7 20. Nb3 b6 21. N1d2 e5
22. Be2 Bg7 23. Nf3 e4 24. Nfd2 Bf8 25. Rc2 Be7 26. Rdc1 Nf8 27. a4 Ne6 28. a5
bxc5 29. Nxc5 Nxc5 30. dxc5 Rb8 31. Nb3 Rb4 32. Kf1 Rdb8 33. Ke1 Bd7 34. Kd2 Kf8
35. Kc3 Bf6+ 36. Nd4 Ke8 37. Rd2 Ra4 38. Rb2 Rxb2 39. Kxb2 Rxa5 40. a3 Be7 41.
Nb3 Ra4 42. Nd2 Kd8 43. Kb3 Ra5 44. Kb4 Rxc5 45. Rxc5 a5+ 46. Kxa5 Bxc5 47. a4
Kc7 48. Nb3 Ba3 49. Nd4 f5 50. Ba6 g5 51. Bf1 Be7 52. Bh3 g4 53. Bf1 c5 54. Nb5+
Kb7 55. Be2 Bd8+ 56. Nc7 Bxc7# 0-1

[Event "GRENKE Chess Open 2018"]
[Site "Karlsruhe GER"]
[Date "2018.04.01"]
[Round "7.20"]
[White "Menezes, Christoph"]
[Black "Bacrot, Etienne"]
[Result "0-1"]
[WhiteTitle "IM"]
[BlackTitle "GM"]
[WhiteElo "2400"]
[BlackElo "2718"]
[WhiteFideId "1617001"]
[BlackFideId "605506"]
[EventDate "2018.03.29"]

1. d4 d5 2. Bf4 Nf6 3. e3 e6 4. Nf3 Bd6 5. Bg3 O-O 6. Nbd2 c5 7. c3 Qc7 8. Bd3
Nbd7 9. e4 cxd4 10. cxd4 dxe4 11. Bxe4 Nxe4 12. Nxe4 Bb4+ 13. Ned2 Qa5 14. O-O
Nf6 15. Nc4 Qd5 16. Ne3 Qa5 17. Nc4 Qd8 18. Qb3 Be7 19. Rac1 b6 20. Nce5 Bb7 21.
Nc6 Bxc6 22. Rxc6 Rc8 23. Rfc1 Rxc6 24. Rxc6 Nd5 25. a3 Qa8 26. Qc2 h6 27. h3
Rd8 28. Qc1 Bc5 29. Rxc5 bxc5 30. dxc5 a5 31. b3 Qa6 32. Qc2 Ne7 33. Bd6 Nf5 34.
Bf4 Qd3 35. Qb2 a4 36. bxa4 Qc4 0-1

[Event "GRENKE Chess Open 2018"]
[Site "Karlsruhe GER"]
[Date "2018.04.01"]
[Round "7.21"]
[White "Tomczak, Mikolaj"]
[Black "Kasimdzhanov, Rustam"]
[Result "1/2-1/2"]
[WhiteTitle "FM"]
[BlackTitle "GM"]
[WhiteElo "2394"]
[BlackElo "2676"]
[WhiteFideId "1175114"]
[BlackFideId "14200244"]
[EventDate "2018.03.29"]

1. Nf3 d5 2. d4 Nf6 3. c4 e6 4. Nc3 a6 5. cxd5 exd5 6. Bg5 Be6 7. e3 Nbd7 8. Bd3
h6 9. Bh4 Bd6 10. O-O O-O 11. Qc2 Re8 12. Rac1 c6 13. Bg3 Bxg3 14. hxg3 Bg4 15.
Na4 a5 16. a3 Qe7 17. Nc5 Nxc5 18. Qxc5 Qxc5 19. Rxc5 a4 20. Nd2 Re7 21. Nb1 Ne8
22. Rcc1 Nd6 23. Nc3 Bf5 24. Be2 g6 25. g4 Be6 26. Rfe1 Nc8 27. f3 Kg7 28. Kf2
f6 29. Bd3 Bf7 1/2-1/2

[Event "GRENKE Chess Open 2018"]
[Site "Karlsruhe GER"]
[Date "2018.04.01"]
[Round "7.22"]
[White "Sumets, Andrey"]
[Black "Sriram, Jha"]
[Result "1-0"]
[WhiteTitle "GM"]
[BlackTitle "GM"]
[WhiteElo "2590"]
[BlackElo "2392"]
[WhiteFideId "14105500"]
[BlackFideId "5001668"]
[EventDate "2018.03.29"]

1. d4 d5 2. c4 c6 3. cxd5 cxd5 4. Nc3 Nf6 5. Bf4 Nc6 6. e3 a6 7. Rc1 Bg4 8. f3
Bd7 9. Bd3 e6 10. Bg5 Be7 11. f4 b5 12. Nf3 Ng4 13. Bxe7 Qxe7 14. Qe2 f5 15. h3
Nf6 16. g4 g6 17. gxf5 gxf5 18. Ne5 Nxe5 19. fxe5 Ne4 20. Bxe4 dxe4 21. Qh5+ Qf7
22. Qxf7+ Kxf7 23. Ne2 Rac8 24. Kd2 b4 25. Nf4 Rhg8 26. Rxc8 Rxc8 27. Rg1 Ba4
28. b3 Bb5 29. h4 a5 30. h5 Bd7 31. d5 exd5 32. h6 Rg8 33. e6+ Bxe6 34. Rxg8
Kxg8 35. Nxe6 Kf7 36. Nf4 Kf6 37. Nxd5+ Kg5 38. Ne7 Kf6 39. Nc6 Kg5 40. Nd4 1-0

[Event "GRENKE Chess Open 2018"]
[Site "Karlsruhe GER"]
[Date "2018.04.01"]
[Round "7.24"]
[White "Pfreundt, Jakob"]
[Black "Danin, Alexandre"]
[Result "1/2-1/2"]
[BlackTitle "GM"]
[WhiteElo "2394"]
[BlackElo "2540"]
[WhiteFideId "12918156"]
[BlackFideId "4144031"]
[EventDate "2018.03.29"]

1. e4 e6 2. d4 d5 3. exd5 exd5 4. Nf3 Bd6 5. c4 Nf6 6. Nc3 O-O 7. cxd5 Nbd7 8.
Be2 h6 9. O-O Nb6 10. Ne5 Nbxd5 11. Bf3 Be6 12. Re1 c6 13. Bd2 Re8 14. Rc1 Rc8
15. Na4 Qc7 16. Nc5 Re7 17. b4 Bf5 18. Qb3 Rce8 19. Qb2 Bc8 20. Ncd3 Bf5 21. Nc5
Bc8 22. Ncd3 1/2-1/2